000 00398nam a22001697a 4500
003 MPLRDC
005 20220104124557.0
008 210129b ||||| |||| 00| 0 eng d
082 _a859.6 GQK
100 _a宫钦科编著
245 _a小将杨排风
_c
250 _a一版一刷
260 _a
_b辽宁少年儿童出版社
_c1985
300 _b
650 _a
942 _cBK
_o859.6 GQK
999 _c20448
_d20438